000 00346nam a2200133Ia 4500
008 151213s9999 xx 000 0 und d
100 _aAzizul Haque
245 _aTrends in Pakistan's Extant Policy
_cAzizul Haque
260 _aDhaka
_bAsiatic Socitey
_c1985
300 _a7191 p.
650 _aReference
700 _aAzizul Haque
999 _c3829
_d3829